| 000 | 00621nam a2200169Ia 4500 | ||
|---|---|---|---|
| 008 | 151213s9999 xx 000 0 und d | ||
| 020 | _a984110505-0 | ||
| 100 | _aশামছুল হুদা চেীধুরী | ||
| 245 |
_aএকাত্তরের রণাঙ্গণ _cশামছুল হুদা চেীধুরী |
||
| 250 | _a১ম সং | ||
| 260 |
_aঢাকা _bমেছবাহ উদ্দীন আহমেদ _c1982 |
||
| 300 | _a8354 p. | ||
| 650 | _aBangla | ||
| 650 | _a্ইতিহাস | ||
| 700 | _aশামছুল হুদা চেীধুরী | ||
| 999 |
_c4194 _d4194 |
||